000 00609nam a22002297a 4500
003 UA-OsUOA
001 55399
007 ta
008 20080915b un ||||| |||| 00| 0 ukr d
100 _aСтокаліч І.
700 _aДиско Ю.
090 _a94(477)
_bС-12
942 _cSA
040 _aUA-OsUOA
_bukr
_cUA-OsUOA
_dUA-OsUOA
245 _aКнязь Володимир - хреститель Київської Русі
300 _aС.3
955 _a0
041 _aukr
080 _a94(477)
773 0 _w55398
650 7 _a9 Географія. Біографії. Історія
_2UDC
999 _c341482
_d341482